Jail administration: a recent bibliography
| Main Author: | |
|---|---|
| Format: | Print Book |
| Language: | Undetermined language |
| Published: |
Monticello, Ill.
Vance Bibliogr.
1987
|
| In: |
Public administration series (2131)
Year: 1987 |
| Availability in Tübingen: | Present in Tübingen. UB: KB 8 E 789 |
| Check availability: | HBZ Gateway |
| Subito Delivery Service: | Order now. |
| Keywords: |
MARC
| LEADER | 00000cam a2200000 c 4500 | ||
|---|---|---|---|
| 001 | 271875895 | ||
| 003 | DE-627 | ||
| 005 | 20251222212127.0 | ||
| 007 | tu | ||
| 008 | 870902s1987 xx ||||| b 00| ||und c | ||
| 020 | |a 1555902510 |9 1-55590-251-0 | ||
| 035 | |a (DE-627)271875895 | ||
| 035 | |a (DE-576)013124595 | ||
| 035 | |a (DE-599)GBV271875895 | ||
| 035 | |a (OCoLC)246696874 | ||
| 035 | |a (OCoLC)15242138 | ||
| 040 | |a DE-627 |b ger |c DE-627 |e rakwb | ||
| 082 | 0 | |a 016.365/068 | |
| 100 | 1 | |a White, Anthony G. |4 aut | |
| 109 | |a White, Anthony G. |a White, Anothony G. | ||
| 245 | 1 | 0 | |a Jail administration |b a recent bibliography |
| 264 | 1 | |a Monticello, Ill. |b Vance Bibliogr. |c 1987 | |
| 300 | |a 8 S. | ||
| 336 | |a Text |b txt |2 rdacontent | ||
| 337 | |a ohne Hilfsmittel zu benutzen |b n |2 rdamedia | ||
| 338 | |a Band |b nc |2 rdacarrier | ||
| 490 | 1 | |a Public administration series |a Bibliography |v 2131 | |
| 583 | 1 | |a Archivierung prüfen |c 20200919 |f DE-640 |z 2 |2 pdager | |
| 655 | 7 | |a Bibliografie |0 (DE-588)4006432-3 |0 (DE-627)104814519 |0 (DE-576)208865578 |2 gnd-content | |
| 830 | 0 | |a Public administration series |v 2131 |9 2131 |w (DE-627)130744360 |w (DE-576)007930119 |w (DE-600)987018-0 |x 0193-970X |7 am | |
| 951 | |a BO | ||
| ELC | |b 1 | ||
| LOK | |0 000 xxxxxcx a22 zn 4500 | ||
| LOK | |0 001 3269348037 | ||
| LOK | |0 003 DE-627 | ||
| LOK | |0 004 271875895 | ||
| LOK | |0 005 20151030143756 | ||
| LOK | |0 008 870902||||||||||||||||ger||||||| | ||
| LOK | |0 040 |a DE-21 |c DE-627 |d DE-21 | ||
| LOK | |0 852 |a DE-21 | ||
| LOK | |0 852 1 |c KB 8 E 789 |9 00 | ||
| LOK | |0 935 |a krim | ||
| LOK | |0 939 |a 02-09-87 |b l01 | ||
| ORI | |a SA-MARC-krimdoka001.raw | ||
| SIG | |a UB: KB 8 E 789 | ||
